| 000 | 00747nam a2200229Ia 4500 | ||
|---|---|---|---|
| 008 | 191130s2008##################000#0#eng## | ||
| 020 | _a9780230609129 | ||
| 022 | _a2008006209 | ||
| 040 |
_aACL _cACL |
||
| 082 | _a650.01513 TRE | ||
| 100 | _aTreviño, Regina | ||
| 245 |
_aPreMBA analytical primer : essential quantitative concepts for business math _cRegina Treviño |
||
| 250 | _a1st ed | ||
| 260 |
_aBasingstoke, Hampshire _bPalgrave Macmillan _c2008 |
||
| 300 | _axv, 201 p. : ill. ; 24 cm. ; hpk | ||
| 500 | _aIncludes bibliographical references (p. [197]) and index | ||
| 650 | _aBusiness mathematics | ||
| 650 | _aInvestments - Mathematics | ||
| 990 | _ac49a21e4ac10000c74e8943acce95660 | ||
| 991 | _a358090 | ||
| 999 |
_c42310 _d42310 |
||